[Papers on the worlds valuation congress IX : real property valuation dynamic environment held at Merchant Court Hotel, Sinagapore on 26-29 april 2001]

Bibliographic Details
Corporate Authors: National University of Singapore, Singapore Institute of Surveyors and Valuers
Format: Book
Published: 2001
Subjects:

MARC

LEADER 00000cam a2200000 7i4500
001 0000015986
005 20060214.0
040 |a INS 
090 0 0 |a S169 2001 
245 1 0 |a [Papers on the worlds valuation congress IX :   |b real property valuation dynamic environment held at Merchant Court Hotel, Sinagapore on 26-29 april 2001] 
260 |a 2001 
300 |a 1 vol.(various pagings] :   |b ill. ;   |c 30cm. 
500 |a Hosted by Department of Real Estate National, University of Singapore and Singapore Institute of Surveyors and Valuers 
650 0 0 |a Real property   |x Valuation   |x Congresses 
710 1 |a National University of Singapore ,   |c Department of Real Estate 
710 1 |a Singapore Institute of Surveyors and Valuers 
999 |a 0000016128   |b BOOK   |c Open Shelf   |e Default branch 
999 |a 0000016129   |b BOOK   |c Open Shelf   |e Default branch 
999 |a S000000312   |b BOOK   |c Open Shelf   |e Default branch